MARC details
| 000 -CABECERA |
| campo de control de longitud fija |
01063cam a2200277 a 4500 |
| 001 - NÚMERO DE CONTROL |
| campo de control |
000006983 |
| 005 - FECHA Y HORA DE LA ÚLTIMA TRANSACCIÓN |
| campo de control |
20240306073909.0 |
| 008 - DATOS DE LONGITUD FIJA--INFORMACIÓN GENERAL |
| campo de control de longitud fija |
970505s1996 mx a b f001 0bspa d |
| 020 ## - NÚMERO INTERNACIONAL ESTÁNDAR DEL LIBRO |
| Número Internacional Estándar del Libro |
9682987849 |
| 040 ## - FUENTE DE LA CATALOGACIÓN |
| Centro catalogador/agencia de origen |
DO-SdBNP |
| Centro/agencia transcriptor |
EMU |
| Centro/agencia modificador |
UPB |
| -- |
BNPHU |
| -- |
DLC |
| 082 ## - NÚMERO DE LA CLASIFICACIÓN DECIMAL DEWEY |
| Número de clasificación |
923.2 |
| Número de documento/Ítem |
M375he |
| 100 1# - ENTRADA PRINCIPAL--NOMBRE DE PERSONA |
| Nombre de persona |
Herrera Franyutti, Alfonso. |
| 9 (RLIN) |
19416 |
| 245 10 - MENCIÓN DE TÍTULO |
| Título |
Martí en México : |
| Resto del título |
recuerdos de una epoca / |
| Mención de responsabilidad, etc. |
Alfonso Herrera Franyutti ; prólogo, Pedro Pablo Rodríguez. |
| 250 ## - MENCIÓN DE EDICIÓN |
| Mención de edición |
[2. ed.], 1. ed. en Sello Bermejo. |
| 260 ## - PUBLICACIÓN, DISTRIBUCIÓN, ETC. |
| Lugar de publicación, distribución, etc. |
México, D.F. : |
| Nombre del editor, distribuidor, etc. |
Consejo Nacional para la Cultura y las Artes, |
| Fecha de publicación, distribución, etc. |
1996. |
| 300 ## - DESCRIPCIÓN FÍSICA |
| Extensión |
339 p. : |
| Otras características físicas |
il. ; |
| Dimensiones |
21 cm. |
| 440 #0 - MENCIÓN DE SERIE/PUNTO DE ACCESO ADICIONAL--TÍTULO |
| Título |
Sello Bermejo |
| 9 (RLIN) |
9986 |
| 500 ## - NOTA GENERAL |
| Nota general |
Errata slip inserted. |
| 504 ## - NOTA DE BIBLIOGRAFÍA, ETC. |
| Nota de bibliografía, etc. |
Incluye referencias bibliográficas. |
| 600 10 - PUNTO DE ACCESO ADICIONAL DE MATERIA--NOMBRE DE PERSONA |
| Nombre de persona |
Martí, José, |
| Fechas asociadas al nombre |
1853-1895 |
| 9 (RLIN) |
645 |
| 650 #4 - PUNTO DE ACCESO ADICIONAL DE MATERIA--TÉRMINO DE MATERIA |
| Término de materia o nombre geográfico como elemento de entrada |
Refugiados políticos |
| Subdivisión geográfica |
México |
| 9 (RLIN) |
19417 |
| 650 #4 - PUNTO DE ACCESO ADICIONAL DE MATERIA--TÉRMINO DE MATERIA |
| Término de materia o nombre geográfico como elemento de entrada |
Refugiados políticos |
| Subdivisión geográfica |
Cuba |
| 9 (RLIN) |
19418 |
| 650 #4 - PUNTO DE ACCESO ADICIONAL DE MATERIA--TÉRMINO DE MATERIA |
| Término de materia o nombre geográfico como elemento de entrada |
Autores cubanos |
| Subdivisión general |
Biografía |
| Subdivisión cronológica |
SIGLO XIX |
| 9 (RLIN) |
19419 |
| 651 #4 - PUNTO DE ACCESO ADICIONAL DE MATERIA--NOMBRE GEOGRÁFICO |
| Nombre geográfico |
Cuba |
| Subdivisión general |
Historia |
| -- |
Lucha De La Revolución |
| 9 (RLIN) |
19420 |
| 910 ## - DATOS DE OPCIÓN DEL USUARIO (OCLC) |
| Datos de opción del usuario |
Catalogación por copia / LC |